000 00475nam a2200181Ia 4500
003 GCL
008 140319s9999 xx 000 0 ara d
040 _aGCL /
_cGCL
082 0 4 _a891.703
_bم ق
100 1 _aمحمد السباعى
245 1 0 _aقصص روسية /
_cمحمد السباعى
300 _a200 ص
490 _a
650 0 4 _aالادب الروسى
650 0 4 _aالقصة الروسية
650 0 4 _aالقصص المترجمة
942 _2ddc
_cBK
999 _c38539
_d38539